|
|
|
|
| LEADER |
00000cam a2200000 a 4500 |
| 001 |
vtls001392871 |
| 003 |
SK-MaSNL |
| 005 |
20260311132406.0 |
| 008 |
240226s1999 xr frp 100 0 cze |
| 015 |
|
|
|a SNBZSA2001-00492
|
| 020 |
|
|
|a 8071844586
|
| 035 |
|
|
|a SNK000347178
|
| 035 |
|
|
|a urn:nbn:sk:snk-amk2p6
|
| 035 |
|
|
|a urn:nbn:sk:snk-am005fhq
|
| 035 |
|
|
|a 55169BD0-8C97-40B6-BDB9-533DF2452C11
|
| 040 |
|
|
|a SNK
|b slo
|c SNK
|e AACR2
|
| 041 |
0 |
|
|a cze
|a slo
|
| 044 |
|
|
|a xr
|c CZ
|
| 080 |
|
|
|a 943.7"1918/1945":342(082)=850=854
|2 1981
|
| 080 |
|
|
|a 342(437)"1918/1945"=850=854
|2 1981
|
| 245 |
0 |
0 |
|a Dokumenty k ústavnímu vývoji Československa
|n I.
|p (1918-1945)
|c Ján Gronský, Jiří Hřebejk
|
| 260 |
|
|
|a Praha
|b Karolinum
|c 1999
|
| 300 |
|
|
|a 244 s.
|c 21 cm
|
| 366 |
|
|
|e 600 výtl.
|
| 500 |
|
|
|a Text aj slovensky
|
| 648 |
|
7 |
|a 1918-1945
|2 SNKPH
|9 276922
|
| 650 |
0 |
7 |
|a ústavné právo
|2 SNKPH
|9 2256
|
| 651 |
|
7 |
|a Československo
|2 SNKPHgeo
|9 21376
|
| 655 |
|
7 |
|a dokumenty
|2 SNKPH
|9 70482
|
| 655 |
|
7 |
|a učebnice vysokých škôl
|2 SNKPH
|9 70191
|
| 700 |
1 |
|
|a Gronský, Ján,
|d 1928-2023
|4 com
|9 187925
|
| 700 |
1 |
|
|a Hřebejk, Jiří,
|d 1955-
|4 com
|9 263351
|
| 919 |
|
|
|a 80-7184-458-6
|
| 958 |
|
|
|a OND
|
| 958 |
|
|
|a ZS
|
| 958 |
|
|
|a TL
|
| 958 |
|
|
|a CZ
|
| 999 |
|
|
|c 810313
|d 812243
|
| 952 |
|
|
|t P60, <03>, [BOOK], {603}
|a SNK
|b SNK
|y PREZ
|7 0
|p 17A0244685
|o snkSC 102408/1
|i snkV 1258/2000
|0 0
|1 0
|4 0
|d 2000-08-14
|f 1
|l 0
|r 2025-09-24 00:00:00
|w 2026-02-24
|